Some applications of elasticity theory to rubber engineering (Record no. 68912)

MARC details
000 -LEADER
fixed length control field 00358nam a2200109Ia 4500
100 ## - MAIN ENTRY--AUTHOR NAME
Personal name Rivlin R S
245 #0 - TITLE STATEMENT
Title Some applications of elasticity theory to rubber engineering
260 ## - PUBLICATION, DISTRIBUTION, ETC. (IMPRINT)
Name of publisher Proceedings of the 2nd Rubber Technology Conference, London, 1948; p204-213
650 ## - SUBJECT ADDED ENTRY--TOPICAL TERM
Topical Term Rubber engineering
942 ## - ADDED ENTRY ELEMENTS (KOHA)
Koha item type Journals
Holdings
Withdrawn status Lost status Damaged status Not for loan Home library Current library Shelving location Date acquired Koha item type
      Journals RRII Library RRII Library Rubber chemistry 17/12/2021 Journals